000 00711cam a2200301 4500
001 J2831
008 090401t1995 xxu||||| |||| 00| 0 eng d
035 _a(Sirsi) u51373
041 _aeng
050 _a333.337094
110 _aKnight Frank and Rutley
_91990
245 _aProperty report Europe. - Edition 9 (January 1995)
260 _aLondon
_bKnight Frank and Rutley
_c1995
300 _a9p. ; 30cm.
350 _a0
650 _aBELGIUM
650 _aEUROPE
650 _aFRANCE
650 _aGERMANY
650 _aITALY
650 _aOFFICES
650 _aPROPERTY MARKET
650 _aSPAIN
650 _aSWEDEN
690 _aOVERSEAS-EUROPE
942 _n0
948 _c04/03/1997
999 _c92885
_d92885